[Event "Oberliga Ost-A 1314"]
[Site "Germany"]
[Date "2013.12.15"]
[Round "5.1"]
[White "Womacka, Mathias"]
[Black "Boettger, Lukas"]
[Result "1-0"]
[WhiteElo "2450"]
[BlackElo "2240"]
[PlyCount "85"]
[EventDate "2013.10.13"]
[EventType "team-tourn"]
[EventRounds "11"]
[EventCountry "GER"]
[SourceTitle "EXT 2015"]
[Source "ChessBase"]
[SourceDate "2014.11.20"]
[SourceVersion "1"]
[SourceVersionDate "2014.11.20"]
[SourceQuality "1"]
[WhiteTeam "Chemnitz"]
[BlackTeam "Coswig"]
[WhiteTeamCountry "GER"]
[BlackTeamCountry "GER"]

1. e4 c5 2. Nf3 d6 3. d4 cxd4 4. Nxd4 Nf6 5. Nc3 a6 6. Be2 Nbd7 7. 0-0 g6 8. Re1 Bg7 9. Bf1 0-0 10. Bg5 Nb6 11. a4 h6 12. Bh4 e5 13. Nb3 g5 14. Bg3 Be6 15. a5 Nc8 16. Nd2 Qc7 17. Qe2 Ne7 18. Nc4 Nc6 19. Nb6 Rad8 20. h4 Nd4 21. Qd1 Nd7 22. Nbd5 Bxd5 23. Nxd5 Qxc2 24. Qh5 Ne6 25. hxg5 Nxg5 26. Bh4 Ne6 27. Bxd8 Rxd8 28. Ra3 Nf4 29. Qh4 Re8 30. Rg3 Ng6 31. Qg4 Nc5 32. b4 Ne6 33. Rc3 Qa4 34. Rec1 Ne7 35. Nf6+ Kh8 36. Nxe8 Qxe8 37. Bc4 Nd4 38. Bd5 Qb5 39. Bxf7 Ne2+ 40. Kh2 Nxc3 41. Rxc3 Qxb4 42. Rg3 Bf8 43. Qd7 1-0

[Event "Oberliga Ost-A 1314"]
[Site "Germany"]
[Date "2013.11.24"]
[Round "4.1"]
[White "Boettger, Lukas"]
[Black "Cerveny, Martin"]
[Result "1/2-1/2"]
[WhiteElo "2240"]
[BlackElo "2327"]
[PlyCount "87"]
[EventDate "2013.10.13"]
[EventType "team-tourn"]
[EventRounds "11"]
[EventCountry "GER"]
[SourceTitle "EXT 2015"]
[Source "ChessBase"]
[SourceDate "2014.11.20"]
[SourceVersion "1"]
[SourceVersionDate "2014.11.20"]
[SourceQuality "1"]
[WhiteTeam "Coswig"]
[BlackTeam "Aue Nickelhuette II"]
[WhiteTeamCountry "GER"]
[BlackTeamCountry "GER"]

1. Nf3 Nf6 2. g3 g6 3. Bg2 Bg7 4. 0-0 0-0 5. c4 c5 6. Nc3 Nc6 7. d3 a6 8. Rb1 d5 9. cxd5 Nxd5 10. Nxd5 Qxd5 11. b3 Qd6 12. Nd2 f5 13. Nc4 Qc7 14. Ba3 Nd4 15. b4 Be6 16. bxc5 Rab8 17. e3 Nb5 18. Qc2 Nxa3 19. Nxa3 b5 20. cxb6 Qxc2 21. Nxc2 Rfc8 22. Nd4 Bxd4 23. exd4 Rd8 24. Rfe1 Kf7 25. Re5 Bxa2 26. Ra1 Be6 27. Rxa6 Rd6 28. f4 Rbxb6 29. Rxb6 Rxb6 30. Kf2 Rb1 31. Re1 Rb5 32. Ke3 Bd5 33. Bf1 h5 34. Rc1 Rb2 35. Be2 e6 36. Rg1 Kf6 37. h3 Rb4 38. g4 h4 39. gxf5 exf5 40. Rc1 Rb2 41. Rc7 Bg2 42. Rh7 Rb4 43. Kf2 Bd5 44. Ke3 1/2-1/2

[Event "Oberliga Ost-A 1314"]
[Site "Germany"]
[Date "2013.11.10"]
[Round "3.1"]
[White "Kuchynka, Lukas"]
[Black "Boettger, Lukas"]
[Result "1-0"]
[WhiteElo "2316"]
[BlackElo "2240"]
[PlyCount "63"]
[EventDate "2013.10.13"]
[EventType "team-tourn"]
[EventRounds "11"]
[EventCountry "GER"]
[SourceTitle "EXT 2015"]
[Source "ChessBase"]
[SourceDate "2014.11.20"]
[SourceVersion "1"]
[SourceVersionDate "2014.11.20"]
[SourceQuality "1"]
[WhiteTeam "Magdeburg Rochade"]
[BlackTeam "Coswig"]
[WhiteTeamCountry "GER"]
[BlackTeamCountry "GER"]

1. d4 Nf6 2. Nf3 e6 3. e3 c5 4. Bd3 b6 5. 0-0 Bb7 6. c4 cxd4 7. exd4 Be7 8. Nc3 d6 9. d5 e5 10. Nh4 Bc8 11. Nf5 Bxf5 12. Bxf5 0-0 13. Be3 Nbd7 14. Qe2 Re8 15. Rac1 g6 16. Bc2 Nh5 17. Ba4 f5 18. f3 Rf8 19. b4 Ndf6 20. Rfe1 e4 21. fxe4 a5 22. bxa5 Rxa5 23. exf5 gxf5 24. Rb1 Ra6 25. c5 Rxa4 26. Nxa4 bxc5 27. Bh6 Ng7 28. Rb7 Ne4 29. Qb2 Nh5 30. Bxf8 Bxf8 31. Nc3 Nxc3 32. Qxc3 1-0

[Event "Dresden ZMD op 22nd"]
[Site "Dresden"]
[Date "2013.08.14"]
[Round "5"]
[White "Boettger, Lukas"]
[Black "Mager, Denis"]
[Result "1-0"]
[WhiteElo "2240"]
[BlackElo "2006"]
[PlyCount "129"]
[EventDate "2013.08.10"]
[EventType "swiss"]
[EventRounds "9"]
[EventCountry "GER"]
[SourceTitle "CBM 155 Extra"]
[Source "ChessBase"]
[SourceDate "2013.08.26"]
[SourceVersion "1"]
[SourceVersionDate "2013.08.26"]
[SourceQuality "1"]

1. Nf3 Nf6 2. g3 d5 3. Bg2 c6 4. 0-0 g6 5. b3 Bg7 6. Bb2 0-0 7. c4 Nbd7 8. Qc2 Re8 9. Ne5 Nxe5 10. Bxe5 Bf5 11. d3 Qd7 12. Nd2 Rad8 13. Qb2 Nh5 14. cxd5 cxd5 15. Bxg7 Nxg7 16. Nf3 Qd6 17. Qd4 b6 18. Qe5 f6 19. Qxd6 Rxd6 20. Rfc1 e5 21. Rc7 Rd7 22. Rac1 Red8 23. Nd2 Be6 24. Kf1 Nf5 25. e3 Kf7 26. Ke2 Ke7 27. f4 Nd6 28. h3 Rxc7 29. Rxc7+ Rd7 30. Rc6 Nf7 31. Nf3 Rd6 32. Rc7+ Rd7 33. Rc1 Kd6 34. Kd2 Rc7 35. Rxc7 Kxc7 36. h4 Kd6 37. fxe5+ fxe5 38. d4 h6 39. dxe5+ Nxe5 40. Nd4 Bd7 41. Kc3 Ng4 42. Kd2 Ne5 43. Bf3 a5 44. Kc3 Kc5 45. a3 Nxf3 46. b4+ axb4+ 47. axb4+ Kd6 48. Nxf3 Bf5 49. Kd4 h5 50. Ne5 Bc2 51. g4 hxg4 52. Nxg4 Ke6 53. Nf2 Bf5 54. Nd1 Kd6 55. Nc3 Be6 56. Na4 Bd7 57. Nxb6 Kc6 58. Na4 Kb5 59. Nc3+ Kxb4 60. Nxd5+ Kb5 61. Ne7 Kb6 62. Ke5 Kc5 63. Kf6 Be8 64. Nxg6 Kd5 65. h5 1-0

[Event "Dresden ZMD op 22nd"]
[Site "Dresden"]
[Date "2013.08.13"]
[Round "4"]
[White "Herrich, Christoph"]
[Black "Boettger, Lukas"]
[Result "1/2-1/2"]
[WhiteElo "2080"]
[BlackElo "2240"]
[PlyCount "62"]
[EventDate "2013.08.10"]
[EventType "swiss"]
[EventRounds "9"]
[EventCountry "GER"]
[SourceTitle "CBM 155 Extra"]
[Source "ChessBase"]
[SourceDate "2013.08.26"]
[SourceVersion "1"]
[SourceVersionDate "2013.08.26"]
[SourceQuality "1"]

1. e4 c5 2. Nf3 d6 3. Bb5+ Nd7 4. d4 a6 5. Bxd7+ Bxd7 6. dxc5 dxc5 7. Nc3 e6 8. Ne5 Qc7 9. Qxd7+ Qxd7 10. Nxd7 Kxd7 11. Bf4 Be7 12. 0-0-0+ Kc6 13. Rd2 Nf6 14. f3 Rhd8 15. Rhd1 Rxd2 16. Rxd2 Rg8 17. Be3 g5 18. Rd1 Nd7 19. Ne2 Ne5 20. Bf2 g4 21. f4 Nc4 22. Ng3 Nd6 23. e5 Nf5 24. Ne4 h5 25. c4 h4 26. Rd3 Rc8 27. b3 b5 28. Rc3 bxc4 29. Rxc4 Kd5 30. Nc3+ Kc6 31. Ne4 Kd5 1/2-1/2

[Event "Dresden ZMD op 22nd"]
[Site "Dresden"]
[Date "2013.08.11"]
[Round "2"]
[White "Scherer, Frank"]
[Black "Boettger, Lukas"]
[Result "0-1"]
[WhiteElo "2072"]
[BlackElo "2240"]
[PlyCount "64"]
[EventDate "2013.08.10"]
[EventType "swiss"]
[EventRounds "9"]
[EventCountry "GER"]
[SourceTitle "CBM 155 Extra"]
[Source "ChessBase"]
[SourceDate "2013.08.26"]
[SourceVersion "1"]
[SourceVersionDate "2013.08.26"]
[SourceQuality "1"]

1. e4 c5 2. Nf3 d6 3. d4 cxd4 4. Nxd4 Nf6 5. Nc3 a6 6. Be3 e6 7. f3 b5 8. g4 Nfd7 9. Qd2 Nb6 10. Bd3 N8d7 11. 0-0-0 Bb7 12. h4 Rc8 13. Kb1 Ne5 14. g5 Nbc4 15. Bxc4 Nxc4 16. Qf2 Qc7 17. Bc1 b4 18. Nce2 e5 19. Nf5 d5 20. Neg3 g6 21. Nh6 Bxh6 22. gxh6 dxe4 23. fxe4 f5 24. exf5 Bxh1 25. fxg6 hxg6 26. Qf6 Na3+ 27. bxa3 Qxc2+ 28. Ka1 Qxd1 29. Qxh8+ Kd7 30. Qg7+ Kc6 31. Qf6+ Kb7 32. Qe7+ Ka8 0-1

[Event "Oberliga Ost-A 1213"]
[Site "Germany"]
[Date "2013.03.17"]
[Round "9.1"]
[White "Stolz, Mike"]
[Black "Boettger, Lukas"]
[Result "1-0"]
[WhiteElo "2373"]
[BlackElo "2225"]
[PlyCount "59"]
[EventDate "2012.10.14"]
[EventType "team-tourn"]
[EventRounds "11"]
[EventCountry "GER"]
[SourceTitle "EXT 2014"]
[Source "ChessBase"]
[SourceDate "2013.11.20"]
[SourceVersion "1"]
[SourceVersionDate "2013.11.20"]
[SourceQuality "1"]
[WhiteTeam "Magdeburg Rochade"]
[BlackTeam "Coswig"]
[WhiteTeamCountry "GER"]
[BlackTeamCountry "GER"]

1. e4 c5 2. c3 d5 3. exd5 Qxd5 4. d4 Nf6 5. Na3 cxd4 6. Nb5 Qe5+ 7. Be2 Nbd7 8. Nf3 Qb8 9. Qxd4 e5 10. Qc4 Bc5 11. Be3 Bxe3 12. fxe3 0-0 13. Rd1 e4 14. Nfd4 a6 15. Na3 Ne5 16. Qb3 Bg4 17. Rd2 Bxe2 18. Rxe2 Nd3+ 19. Kd2 b5 20. Nac2 Qb6 21. a3 Rfb8 22. Rf1 a5 23. g4 b4 24. cxb4 axb4 25. g5 Qa5 26. gxf6 bxa3+ 27. Qc3 axb2 28. Qxa5 Rxa5 29. Rb1 gxf6 30. Nc6 1-0

[Event "Oberliga Ost-A 1213"]
[Site "Germany"]
[Date "2013.02.24"]
[Round "8.1"]
[White "Boettger, Lukas"]
[Black "Feige, Manuel"]
[Result "1/2-1/2"]
[WhiteElo "2225"]
[BlackElo "2400"]
[PlyCount "63"]
[EventDate "2012.10.14"]
[EventType "team-tourn"]
[EventRounds "11"]
[EventCountry "GER"]
[SourceTitle "EXT 2014"]
[Source "ChessBase"]
[SourceDate "2013.11.20"]
[SourceVersion "1"]
[SourceVersionDate "2013.11.20"]
[SourceQuality "1"]
[WhiteTeam "Coswig"]
[BlackTeam "Chemnitz"]
[WhiteTeamCountry "GER"]
[BlackTeamCountry "GER"]

1. d4 Nf6 2. c4 g6 3. Nc3 Bg7 4. e4 d6 5. f3 0-0 6. Be3 a6 7. Nge2 Nbd7 8. Qd2 c5 9. Rd1 b6 10. Nc1 Bb7 11. Be2 e6 12. 0-0 Qc7 13. d5 exd5 14. exd5 Rfe8 15. g4 b5 16. cxb5 Nb6 17. bxa6 Bxa6 18. Bxa6 Rxa6 19. Bf4 Qb7 20. b3 Nbd7 21. Rfe1 Rc8 22. N1e2 c4 23. Rb1 cxb3 24. Rxb3 Qa8 25. Reb1 Nc5 26. Rb5 Na4 27. Nxa4 Rxa4 28. Bxd6 Rxa2 29. Qd3 Qa6 30. Be5 Nxd5 31. Bxg7 Kxg7 32. Qxd5 1/2-1/2

[Event "Oberliga Ost-A 1213"]
[Site "Germany"]
[Date "2012.11.11"]
[Round "3.1"]
[White "Boettger, Lukas"]
[Black "Orsag, Milan"]
[Result "1/2-1/2"]
[WhiteElo "2225"]
[BlackElo "2405"]
[PlyCount "107"]
[EventDate "2012.10.14"]
[EventType "team-tourn"]
[EventRounds "11"]
[EventCountry "GER"]
[SourceTitle "EXT 2014"]
[Source "ChessBase"]
[SourceDate "2013.11.20"]
[SourceVersion "1"]
[SourceVersionDate "2013.11.20"]
[SourceQuality "1"]
[WhiteTeam "Coswig"]
[BlackTeam "Hoyerswerda"]
[WhiteTeamCountry "GER"]
[BlackTeamCountry "GER"]

1. c4 c5 2. Nf3 e6 3. g3 Nc6 4. Bg2 Nf6 5. 0-0 Be7 6. d4 d5 7. cxd5 exd5 8. Bg5 h6 9. Be3 cxd4 10. Nxd4 0-0 11. h3 Re8 12. Nd2 Bd6 13. Nxc6 bxc6 14. Bd4 Ba6 15. Re1 c5 16. Bxf6 Qxf6 17. Bxd5 Rad8 18. Qa4 Qxb2 19. Qxa6 Qxd2 20. Rad1 Qc3 21. Qxa7 Re7 22. Qb6 Red7 23. Qb3 Qa5 24. Bc6 Rc7 25. Qb5 Qxb5 26. Bxb5 c4 27. Rc1 Bb4 28. Red1 Rxd1+ 29. Rxd1 c3 30. Ba4 Kf8 31. Kf1 Ke7 32. e3 Ra7 33. Bb3 Ra5 34. Ke2 Rh5 35. Rd4 Ba5 36. Ra4 Rc5 37. Kd1 f6 38. Kc2 Kd6 39. Rd4+ Ke7 40. g4 h5 41. f4 hxg4 42. hxg4 g5 43. Re4+ Kd7 44. Re6 Rc6 45. f5 Rd6 46. Rxd6+ Kxd6 47. Kd3 Kc5 48. e4 Bc7 49. Kxc3 Be5+ 50. Kc2 Kb4 51. a4 Ba1 52. Kb1 Be5 53. Bd1 Bd4 54. Kc2 1/2-1/2

[Event "Oberliga Ost-A 1213"]
[Site "Germany"]
[Date "2012.11.10"]
[Round "2.1"]
[White "Hoffmann, Paul"]
[Black "Boettger, Lukas"]
[Result "1/2-1/2"]
[WhiteElo "2384"]
[BlackElo "2225"]
[PlyCount "96"]
[EventDate "2012.10.14"]
[EventType "team-tourn"]
[EventRounds "11"]
[EventCountry "GER"]
[SourceTitle "EXT 2014"]
[Source "ChessBase"]
[SourceDate "2013.11.20"]
[SourceVersion "1"]
[SourceVersionDate "2013.11.20"]
[SourceQuality "1"]
[WhiteTeam "Dresden USV II"]
[BlackTeam "Coswig"]
[WhiteTeamCountry "GER"]
[BlackTeamCountry "GER"]

1. e4 c5 2. Nf3 d6 3. c3 Nf6 4. Be2 Nc6 5. d3 Bg4 6. Nbd2 e6 7. h3 Bh5 8. 0-0 Be7 9. Re1 0-0 10. a3 d5 11. g4 dxe4 12. dxe4 Bg6 13. Nh4 Nd7 14. Nxg6 hxg6 15. Nf3 Qc7 16. Be3 Rad8 17. Qc2 Bd6 18. Rad1 Bf4 19. Qc1 Bxe3 20. Qxe3 Qb6 21. Ng5 Rfe8 22. Rd2 Nde5 23. Red1 Rxd2 24. Rxd2 f6 25. Nf3 Nxf3+ 26. Bxf3 Ne5 27. Be2 g5 28. h4 gxh4 29. g5 Rd8 30. Rxd8+ Qxd8 31. f4 Ng6 32. Bh5 Nf8 33. g6 Qd6 34. Kg2 Nd7 35. Kh3 Kf8 36. Be2 Ke7 37. Kxh4 Qb6 38. Qd2 a6 39. Kg3 Nf8 40. Bh5 Qc6 41. Qe3 Nd7 42. Bf3 Qb5 43. Qf2 b6 44. Qh2 Qf1 45. Qh7 Qg1+ 46. Bg2 Qe3+ 47. Bf3 Qg1+ 48. Bg2 Qe3+ 1/2-1/2

[Event "Dresden ZMD op-A 21st"]
[Site "Dresden"]
[Date "2012.08.22"]
[Round "5"]
[White "Boettger, Lukas"]
[Black "Zwahr, Paul"]
[Result "1/2-1/2"]
[WhiteElo "2251"]
[BlackElo "2284"]
[PlyCount "48"]
[EventDate "2012.08.18"]
[EventType "swiss"]
[EventRounds "9"]
[EventCountry "GER"]
[SourceTitle "CBM 150 Extra"]
[Source "ChessBase"]
[SourceDate "2012.10.19"]
[SourceVersion "1"]
[SourceVersionDate "2012.10.19"]
[SourceQuality "1"]

1. d4 Nf6 2. c4 g6 3. Nc3 d5 4. Nf3 Bg7 5. cxd5 Nxd5 6. e4 Nxc3 7. bxc3 0-0 8. Be3 c5 9. Qd2 cxd4 10. cxd4 Nc6 11. Rb1 Bg4 12. d5 Bxf3 13. gxf3 Qa5 14. Qxa5 Nxa5 15. Bd2 b6 16. Ba6 Rfd8 17. Ke2 e6 18. Rhc1 exd5 19. Bxa5 bxa5 20. Bb7 Rab8 21. Bxd5 Bd4 22. h3 Kf8 23. Rxb8 Rxb8 24. Bb3 Rb7 1/2-1/2